[Event "Russian Higher League 2021"]
[Site "?"]
[Date "2021.06.30"]
[Round "5.10"]
[White "Motylev, Alexander"]
[Black "Murzin, Volodar"]
[Result "1-0"]
[WhiteElo "2639"]
[BlackElo "2502"]
[Annotator ""]
[Source ""]
[Remark ""]

1.d4 {[%clk 1:30:55]} Nf6 {[%clk 1:30:42]} 2.c4 {[%clk 1:31:10]}
g6 {[%clk 1:31:03]} 3.Nc3 {[%clk 1:31:34]} Bg7 {[%clk 1:31:28]}
4.e4 {[%clk 1:31:59]} O-O {[%clk 1:31:54]} 5.Nf3 {[%clk 1:32:16]}
d6 {[%clk 1:32:19]} 6.h3 {[%clk 1:32:41]} c6 {[%clk 1:19:58]}
7.Be3 {[%clk 1:31:01]} e5 {[%clk 1:19:32]} 8.d5 {[%clk 1:28:59]}
a5 {[%clk 1:12:17]} 9.Nd2 {[%clk 1:25:19]} Na6 {[%clk 1:07:50]}
10.g4 {[%clk 1:24:55]} Nc5 {[%clk 1:08:09]} 11.Be2 {[%clk 1:21:35]}
a4 {[%clk 1:08:01]} 12.g5 {[%clk 1:21:46]} Ne8 {[%clk 1:07:52]}
13.h4 {[%clk 1:22:08]} Qa5 {[%clk 1:04:47]} 14.a3 {[%clk 1:18:02]}
Bd7 {[%clk 1:04:43]} 15.h5 {[%clk 1:15:11]} Nc7 {[%clk 1:04:34]}
16.Kf1 {[%clk 1:03:36]} b5 {[%clk 0:58:13]} 17.hxg6 {[%clk 0:45:38]}
hxg6 {[%clk 0:58:12]} 18.dxc6 {[%clk 0:45:25]} Bxc6 {[%clk 0:58:24]}
19.Nd5 {[%clk 0:45:46]} Nxd5 {[%clk 0:57:15]} 20.cxd5 {[%clk 0:45:02]}
Bd7 {[%clk 0:56:59]} 21.Kg2 {[%clk 0:42:41]} f5 {[%clk 0:55:19]}
22.gxf6 {[%clk 0:41:58]} Rxf6 {[%clk 0:55:36]} 23.Bg5 {[%clk 0:37:57]}
Rf7 {[%clk 0:52:54]} 24.Qg1 {[%clk 0:35:28]} Raf8 {[%clk 0:28:00]}
25.f3 {[%clk 0:28:04]} Bf6 {[%clk 0:26:50]} 26.Be3 {[%clk 0:19:44]}
Be8 {[%clk 0:14:48]} 27.Rd1 {[%clk 0:17:59]} b4 {[%clk 0:11:38]}
28.Nc4 {[%clk 0:11:52]} Qa6 {[%clk 0:10:23]} 29.axb4 {[%clk 0:09:50]}
Nb3 {[%clk 0:08:05]} 30.Kf2 {[%clk 0:08:50]} Bb5 {[%clk 0:07:04]}
31.Nxd6 {[%clk 0:06:21]} Bxe2 {[%clk 0:06:44]} 32.Nxf7 {[%clk 0:05:58]}
Rxf7 {[%clk 0:05:12]} 33.Qxg6+ {[%clk 0:05:23]} Kf8 {[%clk 0:05:31]}
34.Bh6+ {[%clk 0:04:39]} Rg7 {[%clk 0:04:43]} 35.Bxg7+ {[%clk 0:04:54]}
Bxg7 {[%clk 0:05:08]} 36.Qxa6 {[%clk 0:04:58]} Bxa6 {[%clk 0:05:33]}
37.d6 {[%clk 0:05:03]} 1-0

[Event "Russian Higher League 2021"]
[Site "?"]
[Date "2021.06.30"]
[Round "5.11"]
[White "Yuffa, Daniil"]
[Black "Nesterov, Arseniy"]
[Result "0-1"]
[WhiteElo "2578"]
[BlackElo "2479"]
[Annotator ""]
[Source ""]
[Remark ""]

1.d4 {[%clk 1:30:51]} d5 {[%clk 1:30:56]} 2.c4 {[%clk 1:31:18]}
c6 {[%clk 1:31:22]} 3.Nf3 {[%clk 1:31:42]} Nf6 {[%clk 1:31:48]}
4.e3 {[%clk 1:32:10]} e6 {[%clk 1:32:10]} 5.b3 {[%clk 1:32:37]}
Bd6 {[%clk 1:31:19]} 6.Bb2 {[%clk 1:32:50]} Nbd7 {[%clk 1:31:16]}
7.Nbd2 {[%clk 1:33:10]} b6 {[%clk 1:29:56]} 8.Bd3 {[%clk 1:33:10]}
Bb7 {[%clk 1:30:10]} 9.O-O {[%clk 1:32:59]} O-O {[%clk 1:26:15]}
10.Ne5 {[%clk 1:27:27]} c5 {[%clk 1:14:19]} 11.cxd5 {[%clk 1:27:27]}
exd5 {[%clk 1:13:22]} 12.Nxd7 {[%clk 1:18:08]} Nxd7 {[%clk 1:13:36]}
13.Rc1 {[%clk 1:00:32]} Rc8 {[%clk 1:08:41]} 14.Qe2 {[%clk 1:00:54]}
Qe7 {[%clk 1:07:24]} 15.Ba6 {[%clk 0:51:16]} Bxa6 {[%clk 1:07:36]}
16.Qxa6 {[%clk 0:51:32]} Qe6 {[%clk 1:06:38]} 17.g3 {[%clk 0:41:52]}
Rfd8 {[%clk 1:04:17]} 18.Rfd1 {[%clk 0:41:21]} h6 {[%clk 1:01:36]}
19.Qe2 {[%clk 0:33:01]} Bf8 {[%clk 1:00:49]} 20.Qf3 {[%clk 0:31:13]}
Nb8 {[%clk 0:58:32]} 21.dxc5 {[%clk 0:24:25]} bxc5 {[%clk 0:58:18]}
22.e4 {[%clk 0:21:54]} d4 {[%clk 0:49:20]} 23.Nc4 {[%clk 0:21:55]}
Nc6 {[%clk 0:48:43]} 24.Ba3 {[%clk 0:21:51]} a5 {[%clk 0:45:52]}
25.Qg2 {[%clk 0:20:37]} a4 {[%clk 0:39:50]} 26.f4 {[%clk 0:16:02]}
axb3 {[%clk 0:40:05]} 27.axb3 {[%clk 0:16:30]} Ra8 {[%clk 0:38:44]}
28.Rd3 {[%clk 0:14:41]} Na5 {[%clk 0:37:36]} 29.f5 {[%clk 0:11:08]}
Qe8 {[%clk 0:35:23]} 30.g4 {[%clk 0:05:32]} Nxc4 {[%clk 0:35:13]}
31.bxc4 {[%clk 0:05:59]} Qe5 {[%clk 0:35:15]} 32.Re1 {[%clk 0:04:55]}
Be7 {[%clk 0:34:37]} 33.Qg3 {[%clk 0:05:01]} Qxg3+ {[%clk 0:34:30]}
34.hxg3 {[%clk 0:05:28]} Ra4 {[%clk 0:34:54]} 35.Rc1 {[%clk 0:04:11]}
Rda8 {[%clk 0:34:11]} 36.Bb2 {[%clk 0:04:36]} Bd6 {[%clk 0:29:07]}
37.Kf2 {[%clk 0:03:50]} Ra2 {[%clk 0:25:17]} 38.Rb3 {[%clk 0:03:34]}
Rb8 {[%clk 0:25:42]} 39.Rxb8+ {[%clk 0:03:51]} Bxb8 {[%clk 0:26:11]}
40.Rc2 {[%clk 0:33:05]} Be5 {[%clk 0:53:47]} 41.Rd2 {[%clk 0:30:34]}
f6 {[%clk 0:51:28]} 42.Ke1 {[%clk 0:26:33]} Bxg3+ {[%clk 0:50:57]}
43.Kd1 {[%clk 0:27:00]} Be5 {[%clk 0:50:13]} 44.Bc1 {[%clk 0:25:53]}
Ra4 {[%clk 0:49:47]} 45.Rc2 {[%clk 0:26:15]} d3 {[%clk 0:49:52]}
46.Rd2 {[%clk 0:26:38]} Rxc4 {[%clk 0:50:17]} 47.Rxd3 {[%clk 0:26:54]}
Rxe4 {[%clk 0:50:42]} 48.Be3 {[%clk 0:25:53]} Bd4 {[%clk 0:50:10]}
49.Bxd4 {[%clk 0:26:18]} Rxd4 {[%clk 0:49:41]} 50.Rxd4 {[%clk 0:26:44]}
cxd4 {[%clk 0:50:07]} 51.Kd2 {[%clk 0:27:13]} h5 {[%clk 0:50:24]}
52.gxh5 {[%clk 0:27:01]} Kh7 {[%clk 0:50:50]} 53.Kd3 {[%clk 0:27:29]}
Kh6 {[%clk 0:51:15]} 54.Kxd4 {[%clk 0:27:56]} Kxh5 {[%clk 0:51:41]} 0-1

[Event "Russian Higher League 2021"]
[Site "?"]
[Date "2021.06.30"]
[Round "5.12"]
[White "Samusenko, Maksim"]
[Black "Shimanov, Aleksandr"]
[Result "1/2-1/2"]
[WhiteElo "2460"]
[BlackElo "2597"]
[Annotator ""]
[Source ""]
[Remark ""]

1.e4 {[%clk 1:30:49]} e6 {[%clk 1:30:44]} 2.d4 {[%clk 1:31:05]}
d5 {[%clk 1:31:09]} 3.Nd2 {[%clk 1:31:20]} c5 {[%clk 1:31:33]}
4.exd5 {[%clk 1:31:28]} Qxd5 {[%clk 1:31:58]} 5.Ngf3 {[%clk 1:31:41]}
cxd4 {[%clk 1:32:22]} 6.Bc4 {[%clk 1:31:57]} Qd6 {[%clk 1:32:30]}
7.O-O {[%clk 1:32:01]} Nf6 {[%clk 1:32:54]} 8.Nb3 {[%clk 1:31:48]}
Nc6 {[%clk 1:33:02]} 9.Nbxd4 {[%clk 1:31:56]} Nxd4 {[%clk 1:33:20]}
10.Nxd4 {[%clk 1:32:17]} Be7 {[%clk 1:33:18]} 11.c3 {[%clk 1:24:12]}
O-O {[%clk 1:32:59]} 12.Qf3 {[%clk 1:21:19]} Qc7 {[%clk 1:33:01]}
13.Bb3 {[%clk 1:20:33]} a5 {[%clk 1:30:53]} 14.a4 {[%clk 1:12:18]}
Bd7 {[%clk 1:30:44]} 15.Re1 {[%clk 1:06:40]} Qb6 {[%clk 0:57:21]}
16.Bg5 {[%clk 0:32:24]} Rfe8 {[%clk 0:48:08]} 17.Rab1 {[%clk 0:29:47]}
Rad8 {[%clk 0:43:28]} 18.Bc2 {[%clk 0:28:55]} Nd5 {[%clk 0:37:17]}
19.h4 {[%clk 0:27:10]} Bc6 {[%clk 0:27:39]} 20.Bxe7 {[%clk 0:22:34]}
Rxe7 {[%clk 0:27:14]} 21.Qg3 {[%clk 0:21:05]} Red7 {[%clk 0:23:11]}
22.Re2 {[%clk 0:17:30]} Nf6 {[%clk 0:22:06]} 23.Rbe1 {[%clk 0:15:22]}
h6 {[%clk 0:20:18]} 24.Qf4 {[%clk 0:13:13]} Rd5 {[%clk 0:17:06]}
25.Qg3 {[%clk 0:11:57]} Kh8 {[%clk 0:11:56]} 26.Bb3 {[%clk 0:10:50]}
R5d7 {[%clk 0:12:18]} 27.Re5 {[%clk 0:08:19]} Rxd4 {[%clk 0:08:10]}
28.cxd4 {[%clk 0:08:42]} Rxd4 {[%clk 0:08:36]} 29.R5e3 {[%clk 0:05:41]}
Qd8 {[%clk 0:08:23]} 30.Qh3 {[%clk 0:03:33]} Nh5 {[%clk 0:06:28]}
31.g3 {[%clk 0:03:48]} Nf6 {[%clk 0:06:25]} 32.Qf1 {[%clk 0:02:23]}
Ng4 {[%clk 0:04:52]} 33.Rc3 {[%clk 0:02:35]} Qb6 {[%clk 0:02:37]}
34.Rd1 {[%clk 0:02:03]} Rb4 {[%clk 0:01:00]} 35.Bc2 {[%clk 0:01:37]}
Rxb2 {[%clk 0:01:24]} 36.Qe2 {[%clk 0:01:24]} f5 {[%clk 0:00:40]}
37.Rc4 {[%clk 0:01:08]} Rb4 {[%clk 0:00:36]} 38.Rxb4 {[%clk 0:00:58]}
axb4 {[%clk 0:01:05]} 39.Bb3 {[%clk 0:00:42]} Be4 {[%clk 0:01:27]}
40.a5 {[%clk 0:30:50]} Qxa5 {[%clk 0:30:46]} 41.Bxe6 {[%clk 0:19:01]}
Ne5 {[%clk 0:23:52]} 42.Bb3 {[%clk 0:17:45]} Kh7 {[%clk 0:20:04]}
43.h5 {[%clk 0:08:40]} Qb6 {[%clk 0:10:13]} 44.Qa2 {[%clk 0:05:36]}
Nf3+ {[%clk 0:01:10]} 45.Kf1 {[%clk 0:05:41]} Nh2+ {[%clk 0:01:31]}
46.Kg1 {[%clk 0:05:33]} Nf3+ {[%clk 0:01:59]} 47.Kf1 {[%clk 0:05:58]}
Nh2+ {[%clk 0:01:25]} 1/2-1/2

[Event "Russian Higher League 2021"]
[Site "?"]
[Date "2021.06.30"]
[Round "5.13"]
[White "Faizrakhmanov, Ramil"]
[Black "Rozum, Ivan"]
[Result "1/2-1/2"]
[WhiteElo "2484"]
[BlackElo "2549"]
[Annotator ""]
[Source ""]
[Remark ""]

1.d4 {[%clk 1:30:56]} Nf6 {[%clk 1:30:12]} 2.c4 {[%clk 1:31:01]}
e6 {[%clk 1:30:37]} 3.Nf3 {[%clk 1:31:03]} b6 {[%clk 1:30:57]}
4.g3 {[%clk 1:31:01]} Ba6 {[%clk 1:31:06]} 5.b3 {[%clk 1:30:19]}
Bb4+ {[%clk 1:31:12]} 6.Bd2 {[%clk 1:30:25]} Be7 {[%clk 1:31:37]}
7.Bg2 {[%clk 1:28:53]} O-O {[%clk 1:31:25]} 8.O-O {[%clk 1:27:10]}
d5 {[%clk 1:30:00]} 9.Ne5 {[%clk 1:23:10]} Bb7 {[%clk 1:25:34]}
10.Nc3 {[%clk 1:21:04]} c5 {[%clk 1:19:57]} 11.dxc5 {[%clk 1:18:21]}
bxc5 {[%clk 1:20:03]} 12.Rc1 {[%clk 1:15:01]} Na6 {[%clk 1:17:41]}
13.cxd5 {[%clk 1:11:55]} exd5 {[%clk 1:17:06]} 14.Bg5 {[%clk 1:08:38]}
Re8 {[%clk 1:13:51]} 15.Nc4 {[%clk 0:53:27]} Ne4 {[%clk 0:56:28]}
16.Bxe7 {[%clk 0:53:14]} Rxe7 {[%clk 0:56:26]} 17.Bxe4 {[%clk 0:53:10]}
dxe4 {[%clk 0:56:28]} 18.Qxd8+ {[%clk 0:52:00]} Rxd8 {[%clk 0:56:54]}
19.Rfd1 {[%clk 0:51:56]} Red7 {[%clk 0:56:32]} 20.Rxd7 {[%clk 0:50:37]}
Rxd7 {[%clk 0:56:12]} 21.Rd1 {[%clk 0:49:54]} Rxd1+ {[%clk 0:54:41]}
22.Nxd1 {[%clk 0:48:28]} Nb4 {[%clk 0:47:28]} 23.Nc3 {[%clk 0:47:27]}
Kf8 {[%clk 0:45:21]} 24.Nd6 {[%clk 0:34:55]} Bc6 {[%clk 0:45:26]}
25.Kf1 {[%clk 0:30:50]} a6 {[%clk 0:42:04]} 26.a4 {[%clk 0:26:35]}
e3 {[%clk 0:33:45]} 27.fxe3 {[%clk 0:25:52]} Nd5 {[%clk 0:30:34]}
28.Nd1 {[%clk 0:25:11]} Ke7 {[%clk 0:30:22]} 29.Nc4 {[%clk 0:24:41]}
Nf6 {[%clk 0:30:33]} 30.Nf2 {[%clk 0:20:10]} Ne4 {[%clk 0:28:52]}
31.Ke1 {[%clk 0:14:04]} Nxf2 {[%clk 0:25:29]} 32.Kxf2 {[%clk 0:14:29]}
Be4 {[%clk 0:24:51]} 33.Ke1 {[%clk 0:10:36]} Bc2 {[%clk 0:24:23]}
34.Na5 {[%clk 0:09:46]} c4 {[%clk 0:22:44]} 35.Nxc4 {[%clk 0:05:33]}
Bxb3 {[%clk 0:22:39]} 36.Nb2 {[%clk 0:05:47]} Kd6 {[%clk 0:21:12]}
37.Kd2 {[%clk 0:05:52]} Be6 {[%clk 0:21:14]} 38.Kc3 {[%clk 0:04:17]}
Bg4 {[%clk 0:18:18]} 39.Kd4 {[%clk 0:01:00]} Bxe2 {[%clk 0:18:41]}
40.Nc4+ {[%clk 0:30:39]} Ke6 {[%clk 0:45:38]} 41.a5 {[%clk 0:24:42]}
h5 {[%clk 0:39:10]} 42.Ne5 {[%clk 0:20:28]} g5 {[%clk 0:30:24]}
43.e4 {[%clk 0:20:07]} f5 {[%clk 0:30:19]} 44.h4 {[%clk 0:15:54]}
gxh4 {[%clk 0:24:51]} 45.gxh4 {[%clk 0:16:04]} fxe4 {[%clk 0:24:06]}
46.Kxe4 {[%clk 0:16:26]} Kxe5 1/2-1/2

[Event "Russian Higher League 2021"]
[Site "?"]
[Date "2021.06.30"]
[Round "5.14"]
[White "Iljiushenok, Ilia"]
[Black "Dudin, Gleb"]
[Result "1-0"]
[WhiteElo "2530"]
[BlackElo "2439"]
[Annotator ""]
[Source ""]
[Remark ""]

1.c4 {[%clk 1:30:57]} e5 {[%clk 1:29:26]} 2.Nc3 {[%clk 1:31:22]}
Nf6 {[%clk 1:29:47]} 3.Nf3 {[%clk 1:31:31]} Nc6 {[%clk 1:29:59]}
4.e4 {[%clk 1:31:39]} Bb4 {[%clk 1:29:45]} 5.d3 {[%clk 1:31:42]}
d6 {[%clk 1:29:30]} 6.a3 {[%clk 1:31:45]} Bc5 {[%clk 1:26:49]}
7.b4 {[%clk 1:32:02]} Bb6 {[%clk 1:27:03]} 8.Na4 {[%clk 1:32:22]}
Bd4 {[%clk 1:27:24]} 9.Rb1 {[%clk 1:32:45]} a6 {[%clk 1:24:44]}
10.Be2 {[%clk 1:23:24]} Ba7 {[%clk 1:19:15]} 11.O-O {[%clk 1:20:23]}
Bg4 {[%clk 1:16:21]} 12.Be3 {[%clk 1:11:23]} Bxe3 {[%clk 1:11:38]}
13.fxe3 {[%clk 1:11:52]} b5 {[%clk 1:11:22]} 14.Nb2 {[%clk 1:03:18]}
O-O {[%clk 1:04:33]} 15.Qc2 {[%clk 0:59:32]} Ne7 {[%clk 1:01:06]}
16.d4 {[%clk 0:55:35]} Ng6 {[%clk 0:53:15]} 17.d5 {[%clk 0:51:59]}
Bd7 {[%clk 0:42:17]} 18.Nd2 {[%clk 0:46:30]} Qb8 {[%clk 0:35:57]}
19.Nb3 {[%clk 0:42:34]} c6 {[%clk 0:21:56]} 20.dxc6 {[%clk 0:22:52]}
Bxc6 {[%clk 0:22:09]} 21.Bf3 {[%clk 0:23:17]} Rc8 {[%clk 0:17:26]}
22.Na5 {[%clk 0:21:31]} Ra7 {[%clk 0:15:25]} 23.Qd3 {[%clk 0:19:12]}
Ba8 {[%clk 0:08:56]} 24.Rbc1 {[%clk 0:19:12]} Rd8 {[%clk 0:08:07]}
25.Rfd1 {[%clk 0:18:40]} Rad7 {[%clk 0:08:07]} 26.Qb1 {[%clk 0:10:36]}
Qa7 {[%clk 0:07:40]} 27.c5 {[%clk 0:09:05]} dxc5 {[%clk 0:07:13]}
28.bxc5 {[%clk 0:09:34]} Rc8 {[%clk 0:02:24]} 29.Rxd7 {[%clk 0:06:51]}
Nxd7 {[%clk 0:02:46]} 30.Nd3 {[%clk 0:07:13]} Qc7 {[%clk 0:01:08]}
31.Qb4 {[%clk 0:07:22]} Nb8 {[%clk 0:01:15]} 32.Qc3 {[%clk 0:06:32]}
Nc6 {[%clk 0:00:37]} 33.Nxc6 {[%clk 0:06:57]} Bxc6 {[%clk 0:00:59]}
34.Nb4 {[%clk 0:07:26]} Qb7 {[%clk 0:00:35]} 35.Nd5 {[%clk 0:07:12]}
Rd8 {[%clk 0:00:32]} 36.Qa5 {[%clk 0:07:04]} Rc8 {[%clk 0:00:33]}
37.Bg4 {[%clk 0:06:32]} Ra8 {[%clk 0:00:35]} 38.Qb6 {[%clk 0:04:39]}
Rb8 {[%clk 0:00:32]} 39.Qxb7 {[%clk 0:02:13]} Rxb7 {[%clk 0:00:42]}
40.Bc8 {[%clk 0:32:39]} Ra7 {[%clk 0:30:32]} 41.Nb4 {[%clk 0:31:53]}
Ne7 {[%clk 0:19:31]} 42.Bxa6 {[%clk 0:30:12]} Be8 {[%clk 0:18:47]}
43.c6 {[%clk 0:28:35]} Nxc6 {[%clk 0:18:38]} 44.Bxb5 {[%clk 0:29:02]}
Nxb4 {[%clk 0:19:00]} 45.Rc8 {[%clk 0:29:29]} 1-0

[Event "Russian Higher League 2021"]
[Site "?"]
[Date "2021.06.30"]
[Round "5.15"]
[White "Triapishko, Alexandr"]
[Black "Obgolts, Erik"]
[Result "1-0"]
[WhiteElo "2510"]
[BlackElo "2425"]
[Annotator ""]
[Source ""]
[Remark ""]

1.e4 {[%clk 1:30:54]} c6 {[%clk 1:30:08]} 2.Nf3 {[%clk 1:31:08]}
d5 {[%clk 1:30:34]} 3.d3 {[%clk 1:31:29]} h6 {[%clk 1:30:02]}
4.Nbd2 {[%clk 1:01:36]} dxe4 {[%clk 1:30:06]} 5.dxe4 {[%clk 0:58:55]}
Qc7 {[%clk 1:30:10]} 6.Nc4 {[%clk 0:50:40]} Bg4 {[%clk 1:23:45]}
7.Nce5 {[%clk 0:38:47]} Bxf3 {[%clk 1:18:40]} 8.Nxf3 {[%clk 0:39:13]}
e5 {[%clk 1:19:04]} 9.Bc4 {[%clk 0:38:32]} Nf6 {[%clk 1:18:20]}
10.O-O {[%clk 0:38:22]} Nbd7 {[%clk 1:17:54]} 11.Qe2 {[%clk 0:31:31]}
b5 {[%clk 0:48:36]} 12.Bb3 {[%clk 0:27:10]} Bc5 {[%clk 0:48:02]}
13.a4 {[%clk 0:25:13]} Rb8 {[%clk 0:48:23]} 14.Bd2 {[%clk 0:21:30]}
a6 {[%clk 0:46:49]} 15.Nh4 {[%clk 0:18:07]} O-O {[%clk 0:42:20]}
16.g4 {[%clk 0:11:47]} Nh7 {[%clk 0:36:11]} 17.axb5 {[%clk 0:11:41]}
axb5 {[%clk 0:36:35]} 18.Nf5 {[%clk 0:11:40]} Rfe8 {[%clk 0:35:16]}
19.h4 {[%clk 0:07:31]} Bf8 {[%clk 0:31:46]} 20.Be3 {[%clk 0:05:06]}
c5 {[%clk 0:25:41]} 21.c4 {[%clk 0:03:52]} b4 {[%clk 0:24:45]}
22.Ba4 {[%clk 0:04:16]} Red8 {[%clk 0:25:12]} 23.Rfd1 {[%clk 0:04:15]}
Ndf6 {[%clk 0:22:18]} 24.f3 {[%clk 0:03:22]} h5 {[%clk 0:21:32]}
25.g5 {[%clk 0:02:14]} Ne8 {[%clk 0:21:58]} 26.Bxe8 {[%clk 0:02:20]}
Rxe8 {[%clk 0:22:16]} 27.Bf2 {[%clk 0:02:23]} Be7 {[%clk 0:20:52]}
28.Rd5 {[%clk 0:02:24]} Nf8 {[%clk 0:18:23]} 29.Nxe7+ {[%clk 0:02:26]}
Qxe7 {[%clk 0:18:40]} 30.Bxc5 {[%clk 0:02:51]} Qe6 {[%clk 0:19:09]}
31.Bxf8 {[%clk 0:03:00]} Rxf8 {[%clk 0:19:36]} 32.Qh2 {[%clk 0:01:35]}
f6 {[%clk 0:19:41]} 33.g6 {[%clk 0:01:35]} f5 {[%clk 0:17:03]}
34.Rxe5 {[%clk 0:01:55]} Qxg6+ {[%clk 0:17:30]} 35.Qg2 {[%clk 0:01:37]}
Qb6+ {[%clk 0:14:39]} 36.c5 {[%clk 0:01:45]} Qc7 {[%clk 0:15:06]}
37.Rd5 {[%clk 0:00:51]} fxe4 {[%clk 0:14:37]} 38.fxe4 {[%clk 0:01:20]}
Rf4 {[%clk 0:14:48]} 39.Rxh5 {[%clk 0:01:14]} Rbf8 {[%clk 0:14:10]}
40.Qg6 {[%clk 0:30:49]} Rf3 {[%clk 0:33:44]} 41.Qh7+ {[%clk 0:18:54]}
Kf7 {[%clk 0:34:09]} 42.Rf5+ {[%clk 0:19:11]} Rxf5 {[%clk 0:34:29]}
43.Qxf5+ {[%clk 0:19:29]} Kg8 {[%clk 0:34:56]} 44.Qg5 {[%clk 0:15:54]}
Rf6 {[%clk 0:30:40]} 45.h5 {[%clk 0:07:19]} Kh7 {[%clk 0:25:00]}
46.Rf1 {[%clk 0:06:19]} Rxf1+ {[%clk 0:24:36]} 47.Kxf1 {[%clk 0:06:45]}
Qh2 {[%clk 0:24:53]} 48.Qf5+ {[%clk 0:06:32]} Kh8 {[%clk 0:25:12]}
49.b3 {[%clk 0:04:04]} Qh1+ {[%clk 0:19:47]} 50.Kf2 {[%clk 0:04:18]}
Qh2+ {[%clk 0:19:53]} 51.Kf3 {[%clk 0:03:46]} Qh1+ {[%clk 0:20:06]}
52.Ke2 {[%clk 0:03:35]} Qh2+ {[%clk 0:19:55]} 53.Kd3 {[%clk 0:03:27]}
Qg3+ {[%clk 0:20:20]} 54.Kc4 {[%clk 0:03:51]} Qc3+ {[%clk 0:20:42]}
55.Kb5 {[%clk 0:04:18]} Qxb3 {[%clk 0:21:06]} 56.c6 {[%clk 0:04:30]}
Qc2 {[%clk 0:18:18]} 57.Qf8+ {[%clk 0:03:01]} 1-0

[Event "Russian Higher League 2021"]
[Site "?"]
[Date "2021.06.30"]
[Round "5.16"]
[White "Shuvalova, Polina"]
[Black "Tsvetkov, Andrey"]
[Result "1-0"]
[WhiteElo "2489"]
[BlackElo "2412"]
[Annotator ""]
[Source ""]
[Remark ""]

1.e4 {[%clk 1:30:56]} c5 {[%clk 1:30:56]} 2.Nf3 {[%clk 1:31:22]}
d6 {[%clk 1:31:22]} 3.d4 {[%clk 1:31:46]} cxd4 {[%clk 1:31:48]}
4.Nxd4 {[%clk 1:32:12]} Nf6 {[%clk 1:32:13]} 5.Nc3 {[%clk 1:32:36]}
a6 {[%clk 1:32:39]} 6.h3 {[%clk 1:33:00]} e5 {[%clk 1:33:05]}
7.Nde2 {[%clk 1:33:19]} h5 {[%clk 1:33:22]} 8.Bg5 {[%clk 1:33:32]}
Be6 {[%clk 1:30:20]} 9.Bxf6 {[%clk 1:33:50]} Qxf6 {[%clk 1:30:39]}
10.Nd5 {[%clk 1:34:15]} Qd8 {[%clk 1:30:58]} 11.Qd3 {[%clk 1:34:35]}
Nd7 {[%clk 1:31:02]} 12.O-O-O {[%clk 1:34:31]} Nc5 {[%clk 1:26:55]}
13.Qf3 {[%clk 1:33:53]} b5 {[%clk 1:20:38]} 14.Nec3 {[%clk 1:30:16]}
Rb8 {[%clk 1:18:42]} 15.a3 {[%clk 1:29:29]} Be7 {[%clk 1:10:55]}
16.Kb1 {[%clk 1:21:21]} g6 {[%clk 1:09:38]} 17.Be2 {[%clk 1:19:34]}
Kf8 {[%clk 1:06:39]} 18.g3 {[%clk 1:15:11]} Qd7 {[%clk 0:59:45]}
19.b4 {[%clk 1:03:40]} Bxd5 {[%clk 0:47:52]} 20.Nxd5 {[%clk 1:03:05]}
Ne6 {[%clk 0:47:07]} 21.h4 {[%clk 1:00:44]} a5 {[%clk 0:36:16]}
22.Qe3 {[%clk 0:59:14]} axb4 {[%clk 0:34:03]} 23.axb4 {[%clk 0:59:19]}
Nd4 {[%clk 0:32:00]} 24.Bd3 {[%clk 0:57:57]} Kg7 {[%clk 0:27:24]}
25.Kb2 {[%clk 0:57:48]} Qb7 26.c3 {[%clk 0:55:11]} Nc6 {[%clk 0:24:30]}
27.Ra1 {[%clk 0:54:09]} Bd8 {[%clk 0:22:38]} 28.Qf3 {[%clk 0:48:52]}
Qd7 {[%clk 0:19:25]} 29.Ra6 {[%clk 0:47:23]} Rf8 {[%clk 0:19:49]}
30.Rha1 {[%clk 0:47:04]} f5 {[%clk 0:18:57]} 31.Qe2 {[%clk 0:39:39]}
Ne7 {[%clk 0:16:58]} 32.Nxe7 {[%clk 0:36:41]} Bxe7 {[%clk 0:16:49]}
33.R1a5 {[%clk 0:34:50]} fxe4 {[%clk 0:15:45]} 34.Bxe4 {[%clk 0:31:37]}
Qg4 {[%clk 0:13:21]} 35.f3 {[%clk 0:26:43]} Qxg3 {[%clk 0:13:16]}
36.Ra7 {[%clk 0:27:06]} Rf7 {[%clk 0:09:35]} 37.Bd5 {[%clk 0:23:56]}
Qxh4 {[%clk 0:07:15]} 38.Bxf7 {[%clk 0:22:28]} Kxf7 {[%clk 0:07:44]}
39.Rc7 {[%clk 0:22:40]} Qg5 {[%clk 0:06:57]} 40.Raa7 {[%clk 0:50:27]}
Re8 {[%clk 0:37:04]} 41.Ra1 {[%clk 0:45:34]} h4 {[%clk 0:33:33]}
42.Qxb5 {[%clk 0:43:36]} h3 {[%clk 0:31:27]} 43.Qc4+ {[%clk 0:41:33]}
Kg7 {[%clk 0:29:37]} 44.Qg4 {[%clk 0:38:41]} Qh6 {[%clk 0:17:46]}
45.Qe6 {[%clk 0:31:24]} Qh4 {[%clk 0:15:54]} 46.Qxd6 {[%clk 0:30:14]}
h2 {[%clk 0:15:28]} 47.Qxe5+ {[%clk 0:30:19]} Kf8 {[%clk 0:13:24]}
48.Rh1 {[%clk 0:27:59]} Bf6 {[%clk 0:09:54]} 49.Qd6+ {[%clk 0:28:05]}
Kg8 {[%clk 0:10:19]} 50.Rxh2 {[%clk 0:28:16]} Qg5 {[%clk 0:10:43]} 1-0

[Event "Russian Higher League 2021"]
[Site "?"]
[Date "2021.06.30"]
[Round "5.17"]
[White "Savitskiy, Sergey"]
[Black "Kezin, Roman"]
[Result "0-1"]
[WhiteElo "2437"]
[BlackElo "2486"]
[Annotator ""]
[Source ""]
[Remark ""]

1.e4 {[%clk 1:30:54]} c5 {[%clk 1:30:57]} 2.Nf3 {[%clk 1:30:49]}
e6 {[%clk 1:31:21]} 3.d4 {[%clk 1:31:12]} cxd4 {[%clk 1:31:46]}
4.Nxd4 {[%clk 1:31:38]} Nc6 {[%clk 1:32:12]} 5.Nc3 {[%clk 1:32:00]}
Qc7 {[%clk 1:32:39]} 6.g3 {[%clk 1:32:24]} a6 {[%clk 1:32:23]}
7.Bg2 {[%clk 1:32:44]} Nf6 {[%clk 1:30:47]} 8.O-O {[%clk 1:33:05]}
Nxd4 {[%clk 1:31:13]} 9.Qxd4 {[%clk 1:33:31]} Bc5 {[%clk 1:31:40]}
10.Bf4 {[%clk 1:33:50]} d6 {[%clk 1:32:06]} 11.Qd2 {[%clk 1:34:15]}
h6 {[%clk 1:32:21]} 12.Rad1 {[%clk 1:34:31]} e5 {[%clk 1:32:41]}
13.Be3 {[%clk 1:34:55]} Bb4 {[%clk 1:31:00]} 14.Nb5 {[%clk 1:34:16]}
axb5 {[%clk 1:31:24]} 15.Qxb4 {[%clk 1:34:42]} Rxa2 {[%clk 1:31:52]}
16.Rxd6 {[%clk 1:35:04]} O-O {[%clk 1:32:18]} 17.Rd2 {[%clk 1:35:29]}
Be6 {[%clk 1:24:01]} 18.f3 {[%clk 1:35:01]} Rc8 {[%clk 0:38:01]}
19.Rb1 {[%clk 1:20:16]} Qa5 {[%clk 0:34:47]} 20.Qxa5 {[%clk 1:17:10]}
Rxa5 {[%clk 0:34:36]} 21.Bc5 {[%clk 1:16:32]} Ra4 {[%clk 0:16:33]}
22.Bd6 {[%clk 1:13:15]} Rd4 {[%clk 0:10:48]} 23.Rxd4 {[%clk 1:08:42]}
exd4 {[%clk 0:11:17]} 24.Be5 {[%clk 1:07:44]} Rxc2 {[%clk 0:08:55]}
25.Bxd4 {[%clk 1:07:40]} Nd7 {[%clk 0:07:26]} 26.f4 {[%clk 0:47:53]}
Nc5 {[%clk 0:06:59]} 27.f5 {[%clk 0:45:09]} Ba2 {[%clk 0:07:20]}
28.Rd1 {[%clk 0:43:56]} Bb3 {[%clk 0:07:47]} 29.Ra1 {[%clk 0:36:05]}
Rc4 {[%clk 0:03:20]} 30.Ra8+ {[%clk 0:20:04]} Kh7 {[%clk 0:03:49]}
31.Bxc5 {[%clk 0:20:27]} Rxc5 {[%clk 0:04:06]} 32.g4 {[%clk 0:14:11]}
Rc1+ {[%clk 0:01:01]} 33.Kf2 {[%clk 0:14:35]} Rc2+ {[%clk 0:01:21]}
34.Kg3 {[%clk 0:15:00]} Rxb2 {[%clk 0:01:48]} 35.e5 {[%clk 0:14:55]}
Re2 {[%clk 0:01:57]} 36.Re8 {[%clk 0:15:10]} Bc4 {[%clk 0:01:47]}
37.Re7 {[%clk 0:12:19]} b4 {[%clk 0:02:10]} 38.Bf1 {[%clk 0:10:13]}
Re3+ {[%clk 0:00:41]} 39.Kf2 {[%clk 0:10:35]} Re4 {[%clk 0:00:38]}
40.Kf3 {[%clk 0:38:40]} Bd5 {[%clk 0:30:54]} 41.Kf2 {[%clk 0:30:32]}
Rf4+ {[%clk 0:30:23]} 42.Ke1 {[%clk 0:27:38]} Rxf1+ {[%clk 0:30:29]} 0-1